000 00871cam a2200277 i 4500
001 2297493
003 OSt
005 20230620114638.0
008 810821s1978 ke b 001 0 eng
010 _a 79980321
020 _z0195724477 (pbk.) :
_cK60.00
040 _aDLC
_cDLC
_dDLC
050 0 0 _aJC273.F36
_bH36 1978
082 0 0 _a320.5/092/4
_219
100 1 _aHansen, Emmanuel.
245 0 0 _aFrantz Fanon :
_bsocial and political thought /
_cEmmanuel Hansen.
250 _aPaperback ed.
260 _aNairobi :
_bOxford University Press,
_c1978.
300 _a181 p. ;
_c22 cm.
500 _aBased on the author's thesis, Indiana University.
500 _aIncludes index.
504 _aBibliography: p. 164-176.
600 1 0 _aFanon, Frantz,
_d1925-1961
_xPolitical and social views.
906 _a7
_bcbc
_corignew
_d4
_encip
_f19
_gy-gencatlg
942 _2ddc
_cBK
999 _c1660
_d1660